Most Streamed Nick Cave and the Bad Seeds Songs - Statistics

General Stats
  • This quiz has been taken 40 times
  • The average score is 8 of 20
Answer Stats
Streams Song % Correct
123,542,207 Into My Arms
84%
161,241,056 Red Right Hand
84%
63,703,160 Where the Wild Roses Grow
71%
154,599,936 O Children
65%
12,154,748 The Mercy Seat
65%
20,713,269 Henry Lee
58%
12,347,375 The Weeping Song
52%
11,291,311 Do You Love Me?
48%
15,175,972 The Ship Song
48%
10,067,163 Stagger Lee
45%
23,894,541 People Ain't No Good
35%
9,819,001 Nature Boy
32%
11,218,274 Loverman
29%
11,361,727 Push the Sky Away
23%
16,385,324 Breathless
19%
14,096,774 Bright Horses
19%
9,879,180 Bring It On
16%
10,491,292 (Are You) the One That I've Been Waiting For?
10%
12,982,397 We No Who U R
6%
12,183,164 Rings of Saturn
3%
No matching quizzes found
Score Distribution
Percent of People with Each Score
Percentile by Number Answered
Your Score History
You have not taken this quiz